Top 15 Cleveland Cavaliers of all-time - Statistics

General Stats
  • This quiz has been taken 16 times
  • The average score is 6 of 15
Answer Stats
Pos/Placement Answer % Correct
SF #1 LeBron James
100%
PG #2 Kyrie Irving
94%
PG #3 Mark Price
81%
PF #6 Kevin Love
75%
SF #14 Bingo Smith
50%
C #4 Brad Daugherty
44%
SF #15 Hot rod Williams
44%
C #11 Zydurnas Ilgauskas
44%
PF #5 Larry Nance
38%
SF #13 Andre Miller
19%
SG #8 Austin Carr
19%
SG #10 Ron Harper
13%
SG #7 World B Free
13%
SF #9 Campy Russell
6%
PG #12 Terrell Brandon
6%
No matching quizzes found
Score Distribution
Percent of People with Each Score
Percentile by Number Answered
Your Score History
You have not taken this quiz